000 00372nam a2200133Ia 4500
005 20260328101520.0
008 260328s9999||||xx |||||||||||||| ||und||
100 _aChermayeff, Serge
245 0 _aComunidad y privacidad :
_b Hacia una Nueva Arquitectura Humanista /
_cSerge Chermayeff
260 _bNueva Visión
300 _a277 p.
650 _aARQUITECTURA
942 _cBK
999 _c9537
_d9537